Створення та діяльність всеукраїнського комітету сприяння вченим (ВУКСВ) в УСРР (1921-1938 рр.) (Запис № 571638)

МАРК-запис
000 -Лідер
fixed length control field 03030nam a22002417a 4500
003 - Ідентифікатор контрольного номера
control field UA-OsUOA
005 - Дата та час останнього входження (трансакції)
control field 20211019120933.0
008 - Елементи даних фіксованої довжини – загальна інформація
fixed length control field 211019b un ||||| |||| 00| 0 ukr d
040 ## - Джерело каталогізації
Агенція оригінальної каталогізації UA-OsUOA
Мова каталогізації ukr
Агенція, яка здійснювала перезапис UA-OsUOA
Агенція, яка здійснювала модифікацію UA-OsUOA
041 ## - Код мови
Код мови тексту/ звукової доріжки чи окремого заголовка (П) ukr
080 ## - Індекс Універсальної десяткової класифікації
Індекс Універсальної десяткової класифікації (УДК) (НП) 94(477)"1920/1930"(043.3)
090 ## - Локальний шифр розміщення
Класифікаційний індекс УДК 94(477)"1920/1930"(043.3)
095 ## - Код спеціальності для авторефератів
Код спеціальності 07.00.01
Назва спеціальності історія України
100 ## - Основне введення – ім’я особи
Ім’я особи (НП) Діденко К. В.
245 ## - Відомості про назву
Назва (НП) Створення та діяльність всеукраїнського комітету сприяння вченим (ВУКСВ) в УСРР (1921-1938 рр.)
Дані про відповідальність (НП) Діденко Катерина Володимирівна ; наук. керівник Сокирська Владилена Володимирівна
260 ## - Публікація, розповсюдження і т.п. (Вихідні дані)
Місце публікації, розповсюдження і т.п. (П) Тернопіль
Дата публікації, розповсюдження і т.п. (П) 2021
300 ## - Фізичний опис
Обсяг 19 с.
502 ## - Примітка про дисертацію
Зв'язок Автореферат дисертації на здобуття наукового ступеня кандидата історичних наук<br/>
Наймення інституції, що представляється Тернопільський національний педагогічний університет імені Володимира Гнатюка
Рік отримання вченого ступеня 2021
520 ## - Резюме і т.п.
Резюме, реферат, анотація, тощо (НП) У дисертації комплексно і всебічно висвітлено результати цілісного аналізу створення та організації діяльності Всеукраїнського комітету сприяння вченим (ВУКСВ). Проаналізовано стан наукової розробки проблеми, охарактеризовано джерельну базу та теоретико-методологічні засади дослідження.<br/>З’ясовано принципи і практичний досвід взаємодії радянської влади та наукової інтелігенції. Встановлено механізми, що використовувалися державою для надання допомоги науковцям. Досліджено організаційно- правові засади створення та діяльності Всеукраїнського комітету сприяння вченим. Показано особливості співпраці ВУКСВ з Секціями наукових працівників спілки «Робос». Розкрито діяльність ВУКСВ зі створення Будинків вчених, їх соціального та матеріально-побутового забезпечення. Вивчено житлові проблеми вчених та способи їх вирішення науковцями та органами радянської влади. Досліджено особливості організації відпочинку та санаторно-курортного лікування вчених.
650 ## - Додаткове предметне введення – тематичний термін
Джерело заголовка чи терміна UDC
Тематичний термін чи географічна назва, як елемент введення (НП) 94 Історія загалом
942 ## - Додаткові елементи входу (Коха)
Source of classification or shelving scheme Universal Decimal Classification
Тип елемента Koha Автореферат
955 ## - Код типу видання за змістом
Код типу видання за змістом (НП) Наукові видання

Немає доступних примірників.